000 00965nam a2200193 a 4500
001 000039394
005 20201002031629.0
008 130625s1989 sp 000 0 spa d
020 _a840069935
245 0 0 _aGlosas marginales de Vetus Latina en biblias vulgatas españolas :
_b1-2 Macabeos /
_cCiriaca Morano Rodríguez.
260 _aMadrid :
_bInstituto de Filología,(C.S.I.C.,)
_bDepartamento de Filología Bíblica y de Oriente Antiguo
_bConsejo Superior de Investigación Científicas,
_c1989.
300 _aLXXXIII, 57 p. ;
_c24 cm.
490 1 _aTextos y estudios Cardenal Cisneros : de la Biblia Políglota Matritense ;
_v48
500 _aIncluye índice
710 2 _aInstituto de Filología del CSIC, Departamento de Filología Bíblica y de Oriente Antiguo
_965565
710 2 _aConsejo Superior de Investigación Científicas
_963831
830 0 _aTextos y estudios Cardenal Cisneros de la biblia políglota matritense
_v48
_915280
999 _c38884
_d38884
040 _aDO-SdBNP